书目信息 |
| 题名: |
药品检验技术
|
|
| 作者: | 梁述忠 编 | |
| 分册: | ||
| 出版信息: | 北京 化学工业出版社 2005 |
|
| 页数: | ||
| 开本: | 20cm | |
| 丛书名: | ||
| 单 册: | ||
| 中图分类: | R927.1 | |
| 科图分类: | ||
| 主题词: | 药典 , 药方--汇编 , 药物--鉴定 | |
| 电子资源: | ||
| ISBN: | 7-5025-6482-9 | |
| 000 | 00557nam0 2200205 450 | |
| 001 | 0754114953 | |
| 005 | 20070929150154.95 | |
| 010 | @a7-5025-6482-9 | |
| 100 | @a20070929d km y0chiy0120 ea | |
| 101 | 0 | @achi |
| 200 | 1 | @a药品检验技术@Ayao pin jian yan ji shu@f梁述忠 编@Fliang shu zhong bian |
| 210 | @a北京@c化学工业出版社@d2005 | |
| 215 | @c插图@d20cm | |
| 606 | 0 | @a药典 |
| 606 | 0 | @a药方@x汇编 |
| 606 | 0 | @a药物@x鉴定 |
| 690 | @aR927.1@v3 | |
| 701 | 0 | @a梁述忠@Aliang shu zhong@4编 |
| 801 | 0 | @aCN@bPFT@c20070929 |
| 905 | @a213230@dR927.1@eh43@f1 | |
| 药品检验技术/梁述忠 编.-北京:化学工业出版社,2005 |
| 插图;20cm |
| ISBN 7-5025-6482-9: |
| ● |
| 相关链接 |
|
|
|
|
正题名:药品检验技术
索取号:R927.1/h43
 
预约/预借
| 序号 | 登录号 | 条形码 | 馆藏地/架位号 | 状态 | 备注 |
| 1 | 6002395 | 260023959 | 密集书库-化学系/ [索取号:R927.1/h43] | 在馆 | |
| 2 | 6002396 | 260023968 | 密集书库-化学系/ [索取号:R927.1/h43] | 在馆 |